| 000 | 00355 a2200157 4500 | ||
|---|---|---|---|
| 001 | 58744 | ||
| 020 | _a8574725145 | ||
| 040 | _cAnchieta - Pituba | ||
| 100 | _aMarques, Adhemar | ||
| 240 | 1 | 0 |
_aPelos caminhos da história _lpor |
| 245 | 1 | 0 | _aPelos caminhos da história |
| 300 | _a736 | ||
| 362 | 0 | _a2006 | |
| 650 | 4 | _aHistória do mundo | |
| 942 | _cBK | ||
| 999 |
_c58744 _d58744 |
||